[Event "SVK-chT 1112"]
[Site "Slovakia"]
[Date "2011.10.22"]
[Round "1.3"]
[White "Rigo, Zsolt"]
[Black "Mazur, Stefan"]
[Result "1/2-1/2"]
[WhiteElo "2384"]
[BlackElo "2372"]
[PlyCount "120"]
[EventDate "2011.10.22"]
[EventType "team-tourn"]
[EventRounds "11"]
[EventCountry "SVK"]
[SourceTitle "EXT 2013"]
[Source "ChessBase"]
[SourceDate "2012.11.22"]
[SourceVersion "1"]
[SourceVersionDate "2012.11.22"]
[SourceQuality "1"]
[WhiteTeam "Dunajov"]
[BlackTeam "Kezmarok"]
[WhiteTeamCountry "SVK"]
[BlackTeamCountry "SVK"]

1. c4 Nf6 2. Nc3 g6 3. g3 Bg7 4. Bg2 c5 5. e3 Nc6 6. Nge2 d6 7. d4 cxd4 8. exd4 0-0 9. 0-0 Bf5 10. h3 h5 11. Kh2 Qc8 12. b3 e5 13. Be3 Re8 14. Rc1 e4 15. Nd5 Qd7 16. Nec3 Nxd5 17. Nxd5 Be6 18. Nf4 d5 19. cxd5 Bxd5 20. Rc5 Ne7 21. Qc2 Rad8 22. Rd1 h4 23. gxh4 b6 24. Rc7 Qd6 25. Kh1 a5 26. h5 Bc6 27. Rxe7 Rxe7 28. hxg6 fxg6 29. d5 Be5 30. Bxb6 Bxf4 31. Bxd8 Rd7 32. Bxa5 Bxd5 33. Qc8+ Kh7 34. Bc3 Rd8 35. Qg4 Bh6 36. Qh4 Rc8 37. Bf6 e3 38. Bxd5 e2 39. Bg8+ Kxg8 40. Rxd6 e1Q+ 41. Kg2 Rc1 42. Rd8+ Kf7 43. Rd7+ Kg8 44. Qxh6 Qe4+ 45. f3 Qe2+ 46. Kg3 Rg1+ 47. Kf4 g5+ 48. Qxg5+ Rxg5 49. Bxg5 Qxa2 50. h4 Qxb3 51. Re7 Qc4+ 52. Kg3 Qd4 53. f4 Qd1 54. f5 Qd3+ 55. Kg4 Qd1+ 56. Kf4 Qd4+ 57. Kf3 Qd3+ 58. Kf4 Qd4+ 59. Kg3 Qd3+ 60. Kf4 Qd4+ 1/2-1/2